<?xml version="1.0" encoding="UTF-8"?>
<collection xmlns:xsi="http://www.w3.org/2001/XMLSchema-instance" xsi:schemaLocation="http://www.loc.gov/MARC21/slim http://www.loc.gov/standards/marcxml/schema/MARC21slim.xsd" xmlns="http://www.loc.gov/MARC21/slim">
 <record>
  <leader>00000ctm a22000004a 4500</leader>
  <controlfield tag="001">UP-99796217605976447</controlfield>
  <controlfield tag="003">Buklod</controlfield>
  <controlfield tag="005">20230503092542.0</controlfield>
  <controlfield tag="006">m     o  j        </controlfield>
  <controlfield tag="007">ta</controlfield>
  <controlfield tag="008">030101s        xx      r    |000 u|eng d</controlfield>
  <datafield tag="035" ind1=" " ind2=" ">
   <subfield code="a">(iLib)UPD-00000368659</subfield>
  </datafield>
  <datafield tag="041" ind1=" " ind2=" ">
   <subfield code="a">eng</subfield>
  </datafield>
  <datafield tag="090" ind1=" " ind2=" ">
   <subfield code="a">LG995 1992 L4</subfield>
   <subfield code="b">B56</subfield>
  </datafield>
  <datafield tag="100" ind1="1" ind2=" ">
   <subfield code="a">Blones, Ma. Theresa B.</subfield>
   <subfield code="e">author.</subfield>
  </datafield>
  <datafield tag="245" ind1="1" ind2="0">
   <subfield code="a">A survey on student use-patterns of the resources and services of the Filipiniana Section of Ateneo de Manila University Rizal Library</subfield>
   <subfield code="c">by Ma. Teresa B. Blones ; Rodolfo Y. Tarlit, adviser ; Salvacion M. Arlante,  reader.</subfield>
  </datafield>
  <datafield tag="264" ind1=" " ind2="1">
   <subfield code="a">Quezon City : Institute of Library Science, University of the Philippines Diliman</subfield>
   <subfield code="c">1992.</subfield>
  </datafield>
  <datafield tag="300" ind1=" " ind2=" ">
   <subfield code="a">96 leaves</subfield>
  </datafield>
  <datafield tag="500" ind1=" " ind2=" ">
   <subfield code="a">Typescript.</subfield>
  </datafield>
  <datafield tag="500" ind1=" " ind2=" ">
   <subfield code="a">Vita.</subfield>
  </datafield>
  <datafield tag="502" ind1=" " ind2=" ">
   <subfield code="a">Special Problem (Master of Library Science)--University of the Philippines Diliman</subfield>
   <subfield code="d">March 1992.</subfield>
  </datafield>
  <datafield tag="520" ind1="3" ind2=" ">
   <subfield code="a">This study is about the student use-patterns of the resources and services of the Filipiniana Section of the Ateneo de Manila University Rizal Library.  Specifically, the study sought to find out how the students evaluate the sources of information available in the Filipiniana Section ; to find out which of the services offered by the Section are mostly used by students ; to find out how students evaluate the Filipiniana staff members on competence, traits, and attitudes.  The study also attempted to make recommendations that would help improve the resources and services of the Filipiniana Section.</subfield>
  </datafield>
  <datafield tag="520" ind1="3" ind2=" ">
   <subfield code="a">Using a descriptive survey approach, the questionnaire was used as the data gathering tool.  Data gathering was done by getting a representative sample of the Ateneo University School of Arts and Sciences population.  Ten percent of the said population or total enrollment (394) were asked to fill up the questionnaire.  The distribution was done at random for two consecutive weeks.  An equal distribution or representation from the year levels including the graduate students were considered.</subfield>
  </datafield>
  <datafield tag="520" ind1="3" ind2=" ">
   <subfield code="a">The study shows that the students appear to use the Filipiniana Section extensively and that it is one of the more vital sections of the Rizal Library.  The students who learned about the existence of the Section through freshmen orientation were composed mostly of undergraduate students while the majority of the graduate students answered that they came across this Section of the Library accidentally.  Students needed information to meet their course requirements.  The majority of them need and demand the following from the Filipiniana Section : journals, periodicals, newspapers, and books published recently.  On the other hand, most of the students were found to have positive attitudes towards the Filipiniana Section, perceiving the collection to be adequate and the available services to be satisfactory.  The staff members were rated positively, extending sevices satisfactorily.</subfield>
  </datafield>
  <datafield tag="520" ind1="3" ind2=" ">
   <subfield code="a">In view of these findings, it is recommended that further studies be done not only in terms of comparing the responses by year level in a similar study, but also considering other related components e.g., comparison of respondents' use and evaluation of the sources and services by gender.  The Section should also acquire more materials in various disciplines to strengthen and support the Section's collection and services.  It should also continue to provide research/finding aids for the purpose of facilitating information retrieval.  A bulletin board should also be put up to announce the availability of materials on local current issue for the information and awareness of the students and other researchers.  The Section may also expand the use of computers in its services to allow faster retrieval of information about library materials.  The print out of the indexes would also save time and effort and allow more students to use the computers.  The physical lay-out of the Section should also be reviewed, perhaps by re-arranging furniture, shelves, tables, etc., to make it more conducive to learning and research activities.  Library orientation should also be conducted for the graduate students.  Further training through seminars and workshop must be conducted to help staff members who deal with clients in the service area to become more friendly and accomodating.  Studies such as this should be done regularly to continuously evaluate and thereby upgrade the resources and services of the Filipiniana Section.</subfield>
  </datafield>
  <datafield tag="650" ind1=" " ind2="0">
   <subfield code="a">Ateneo de Manila University.  Rizal Library.  Filipiniana Section--Information services--Use studies.</subfield>
  </datafield>
  <datafield tag="650" ind1=" " ind2="0">
   <subfield code="a">Library resources--Ateneo de Manila University.  Rizal Library.  Filipiniana Section.</subfield>
  </datafield>
  <datafield tag="700" ind1="1" ind2=" ">
   <subfield code="a">Tarlit, Rodolfo Y.</subfield>
   <subfield code="e">adviser.</subfield>
  </datafield>
  <datafield tag="700" ind1="1" ind2=" ">
   <subfield code="a">Arlante, Salvacion M.</subfield>
   <subfield code="e">reader.</subfield>
  </datafield>
  <datafield tag="842" ind1=" " ind2=" ">
   <subfield code="a">Thesis</subfield>
  </datafield>
  <datafield tag="905" ind1=" " ind2=" ">
   <subfield code="a">FI</subfield>
  </datafield>
  <datafield tag="905" ind1=" " ind2=" ">
   <subfield code="a">UP</subfield>
  </datafield>
  <datafield tag="852" ind1="0" ind2=" ">
   <subfield code="a">UPD</subfield>
   <subfield code="b">DLS</subfield>
   <subfield code="h">LG995 1992 L4 B56</subfield>
  </datafield>
  <datafield tag="942" ind1=" " ind2=" ">
   <subfield code="a">Thesis</subfield>
  </datafield>
 </record>
</collection>
